00458nam a22001217a 4500999001500000008004100015100002500056245014700081260004600228300002200274650002500296942001500321 c6879d6879200401b ||||| |||| 00| 0 eng d aAdamolekun, Ladipo.- aDecentralization Policies and Socio-Economic Development in Sub-Saharan Africa/cLadipo Adamolekun, Robert Robert, Mouftaou Laleye.-hEnglish. aWashington, D.C.:bThe World Bank,c1990. axi, 246p;c28cm.- 2ECONOMIC DEVELOPMENT 2ddccBOOKS